00387pab a2200145 454500008004000000100001500040245007000055260000900125300001300134362000800147650003100155650002300186700002100209773001100230180718b2015 xxu||||| |||| 00| 0 eng d aSairam, M. aSkilling India through blended learning - an Avant-Gadre attempt  c2015 ap.22-24. aOct aSkills development - India aSkills development aRamesh, Sharanya aYojana